000 00507nam a2200217Ia 4500
005 20260220063017.0
008 008 250917s9999 xx 000 0 eng d
020 _a978-1509524068
037 _cDSWL
040 _aDSWL
_beng
_cDSWL
041 _aeng
_2eng
084 _qDSWL
100 _aDean, Hartley
245 0 _aSocial Policy
250 _a3rd
260 _aUK,
_bPolity Press,
_c2019
300 _axi,165p.
365 _aUSD
_b23.95
942 _cTEXL
_2CC
999 _c1463803
_d1463803